A Textbook of Medical Jurisprudence and Toxicology/ (Record no. 191759)

MARC details
000 -LEADER
fixed length control field 00641nam a22001937a 4500
005 - DATE AND TIME OF LATEST TRANSACTION
control field 20220902104334.0
010 ## - LCCN (DPL NO)
LC control number ENG-134880
020 ## - INTERNATIONAL STANDARD BOOK NUMBER
International Standard Book Number 9789391211295
Terms of availability 3295.00
035 ## - SYSTEM CONTROL NUMBER
System control number EN-118412
037 ## - SOURCE OF ACQUISITION
Source of stock number/acquisition DBAD/PUB
082 ## - DEWEY DECIMAL CLASSIFICATION NUMBER
Classification number 340.6
100 ## - MAIN ENTRY--PERSONAL NAME
Personal name Modi, Jaising P
245 ## - TITLE STATEMENT
Title A Textbook of Medical Jurisprudence and Toxicology/
Remainder of title Jaising P Modi and Edited by K Kannan
260 ## - PUBLICATION, DISTRIBUTION, ETC. (IMPRINT)
Place of publication, distribution, etc Haryana
Name of publisher, distributor, etc LexisNexis
Date of publication, distribution, etc 2021
270 ## - ADDRESS
City Gurugaon
Address 14th Floor, Building No. 10, Tower-B, DLF Cyber City, Phase-II
Postal code 122202
Electronic mail address help.in@lexisnexis.com
300 ## - PHYSICAL DESCRIPTION
Extent vp.
Dimensions 24cm(hb)
700 ## - ADDED ENTRY--PERSONAL NAME
Personal name Kannan, K
942 ## - ADDED ENTRY ELEMENTS (KOHA)
Source of classification or shelving scheme Dewey Decimal Classification
Item type English Books
Classification part 340.6
Call number suffix MOD
Holdings
Withdrawn status Lost status Not for loan Collection code Home library Current library Date acquired Source of acquisition Cost, normal purchase price Full call number Barcode Copy number Cost, replacement price Koha item type
    Not For Loan Reference Ashok Vihar Ashok Vihar 02/09/2022 DBAD/PUB 3295.00 340.6 MOD EN-118412 1 3295.00 English Books

© Delhi Public Library
Hit Counter
free hit counter